Calciatori nazionale italiana (esordio 1980-1989) - Statistics

Statistiche generali
  • Questo quiz è stato fatto 4 volte
  • Il punteggio medio è 20 su 39
Statistiche sulle risposte
Presenze Reti Anno esordio Anno ultimo incontro Presenze per club di appartenenza Calciatore % Corretto
61 25 1980 1988 Inter Alessandro Altobelli
100%
49 0 1987 2000 25   Napoli, 24   Juventus Ciro Ferrara
100%
54 1 1986 1992 5   Avellino, 49   Napoli Fernando De Napoli
100%
81 1 1982 1994 Milan Franco Baresi
100%
59 16 1985 1992 56   Sampdoria, 3   Juventus Gianluca Vialli
100%
81 6 1982 1998 Inter Giuseppe Bergomi
100%
47 6 1986 1991 Roma Giuseppe Giannini
100%
39 3 1988 1995 Inter Nicola Berti
100%
126 7 1988 2002 Milan Paolo Maldini
100%
56 27 1988 2004 13   Fiorentina, 31   Juventus, 2   Milan, 6   Bologna, 3   Inter, 1   Brescia Roberto Baggio
100%
63 5 1986 1996 59   Milan, 4   N.Y./N.J. MetroStars Roberto Donadoni
100%
36 4 1984 1994 Sampdoria Roberto Mancini
100%
58 -21 1986 1992 Inter Walter Zenga
100%
24 5 1984 1990 16   Inter, 2   Torino, 6   Juventus Aldo Serena
67%
47 5 1980 1986 Roma Bruno Conti
67%
26 1 1981 1991 13   Roma, 13   Milan Carlo Ancelotti
67%
12 -6 1984 1986 Roma Franco Tancredi
67%
38 1 1981 1987 2   Bologna, 36   Torino Giuseppe Dossena
67%
10 0 1985 1986 Verona Giuseppe Galderisi
67%
45 4 1986 1992 Inter Riccardo Ferri
67%
15 1 1982 1994 6   Fiorentina, 9   Milan Daniele Massaro
33%
11 0 1988 1991 Juventus Giancarlo Marocchi
33%
19 -12 1982 1986 Fiorentina Giovanni Galli
33%
36 4 1987 1991 3   Verona, 33   Juventus Luigi De Agostini
33%
17 1 1988 1996 12   Napoli, 5   Parma Massimo Crippa
33%
45 2 1981 1993 2   Como, 43   Sampdoria Pietro Vierchowod
33%
11 0 1984 1987 10   Verona, 1   Juventus Roberto Tricella
33%
7 -2 1987 1991 Juventus Stefano Tacconi
33%
10 2 1989 1990 Napoli Andrea Carnevale
0%
15 4 1984 1986 Verona Antonio Di Gennaro
0%
6 0 1986 1987 Inter Gianfranco Matteoli
0%
20 0 1980 1983 Inter Gianpiero Marini
0%
8 0 1986 1990 4   Torino, 4   Napoli Giovanni Francini
0%
8 0 1988 1992 2   Sampdoria, 3   Napoli, 3   Torino Luca Fusi
0%
14 0 1983 1985 13   Verona, 1   Inter Pierino Fanna
0%
9 2 1988 1991 3   Cesena, 6   Roma Ruggiero Rizzitelli
0%
41 5 1981 1987 3   Perugia, 10   Inter, 28   Napoli Salvatore Bagni
0%
5 0 1984 1987 Roma Sebastiano Nela
0%
8 0 1983 1985 Roma Ubaldo Righetti
0%
Nessun quiz corrispondente trovato
Distribuzione punteggi
Percentuale di utenti per punteggio
Percentile per numero di risposta
I tuoi punteggi nel tempo
Non hai fatto questo quiz